La Problemática de la niñez y la adolescencia en la Costa Rica actual /
में बचाया:
| मुख्य लेखक: | |
|---|---|
| स्वरूप: | मूलपाठ |
| विषय: | |
| टैग: |
टैग जोड़ें
कोई टैग नहीं, इस रिकॉर्ड को टैग करने वाले पहले व्यक्ति बनें!
|
MARC
| LEADER | 00000 a a2200000 04500 | ||
|---|---|---|---|
| 001 | 16795 | ||
| 003 | |||
| 040 | |||
| 100 | |a Avendaño Calvo, Carlos | ||
| 245 | |a La Problemática de la niñez y la adolescencia en la Costa Rica actual / |c Carlos Avendaño Calvo | ||
| 650 | |a NIÑOS | ||
| 650 | |a ADOLESCENTES | ||
| 650 | |a NIÑOS ABANDONADOS | ||
| 650 | |a NIÑOS DE LA CALLE | ||
| 650 | |a PROSTITUCION | ||
| 650 | |a DELINCUENCIA | ||
| 773 | |g volumen 10, número 2; páginas 259-276 | ||
| 999 | |c 33864 |d 33864 | ||
